000 00941cab a22001935a 4500
001 L151317
008 101021e20101015xxk 000 0 eng d
035 _a(Sirsi) u151317
041 0 _aeng
100 1 _aGlackin, Michael
245 0 0 _aContractors drink the dregs as state work starts to dry up
_bbusiness barometer
_bKier tops work table again, but with vastly reduced value
260 _c2010
490 _aBuilding
_v275 (8650) 15 October 2010, 18-19(2)
520 _aCommentary on the top contractors' workloads; league tables of top contractors excluding and including civils monthly work won in September 2010; yearly work won October 2009-September 2010; top architects, top clients/promoters and top quantity surveyors number of projects and their total value October 2009-September 2010; data from Barbour ABI.
590 _aKA
651 4 _aUnited Kingdom
_y
690 _aBUILT ENVIRONMENT-CONSTRUCTION MARKET
942 _n0
999 _c82766
_d82766